[Event "Wch U14 Girls"]
[Site "Porto Carras"]
[Date "2018.10.22"]
[Round "4"]
[White "Zeliantsova, Kseniya"]
[Black "Stepanyan, Eva"]
[Result "1/2-1/2"]
[WhiteElo "1804"]
[BlackElo "1981"]
[PlyCount "56"]
[EventDate "2018.10.20"]
[EventType "swiss"]
[EventRounds "11"]
[EventCountry "GRE"]
[SourceTitle "CBM 187 Extra"]
[Source "ChessBase"]
[SourceDate "2018.11.04"]
[SourceVersion "1"]
[SourceVersionDate "2018.11.04"]
[SourceQuality "1"]

1. e4 c5 2. Nf3 e6 3. c4 Nc6 4. Nc3 d6 5. Be2 g6 6. d4 Bg7 7. Be3 cxd4 8. Nxd4 Nxd4 9. Bxd4 Nf6 10. Qd3 0-0 11. Rd1 Qa5 12. 0-0 Rd8 13. Nb5 Ne8 14. Bxg7 Kxg7 15. a3 Rd7 16. f4 Qb6+ 17. Kh1 a6 18. Nd4 Nf6 19. f5 e5 20. fxg6 hxg6 21. Qf3 Qd8 22. Nc2 Rc7 23. Ne3 Be6 24. Rxd6 Qxd6 25. Qxf6+ Kg8 26. Nf5 Qf8 27. Rf3 Bxf5 28. exf5 Qe7 1/2-1/2

[Event "EU-ch U14 Girls 28th"]
[Site "Riga"]
[Date "2018.08.28"]
[Round "8.5"]
[White "Stepanyan, Eva"]
[Black "Ismayil, Malak"]
[Result "1/2-1/2"]
[WhiteElo "2101"]
[BlackElo "1772"]
[PlyCount "93"]
[EventDate "2018.08.20"]
[EventType "swiss"]
[EventRounds "9"]
[EventCountry "LAT"]
[SourceTitle "CBM 186 Extra"]
[Source "ChessBase"]
[SourceDate "2018.08.24"]
[SourceVersion "1"]
[SourceVersionDate "2018.08.24"]
[SourceQuality "1"]

1. e4 e5 2. Nf3 Nc6 3. Bb5 a6 4. Ba4 Nf6 5. 0-0 Be7 6. Re1 d6 7. c3 0-0 8. h3 Nd7 9. d4 b5 10. Bb3 Na5 11. Bc2 c5 12. Nbd2 Re8 13. d5 Bf8 14. b3 g6 15. Nf1 Bg7 16. Bd2 Nf6 17. Qc1 Nh5 18. Bg5 Qd7 19. N1h2 Qc7 20. Bh6 Nf4 21. Bxg7 Kxg7 22. Ng4 Bxg4 23. hxg4 Qd7 24. Nh2 h5 25. gxh5 Nxh5 26. g3 Qh3 27. Re3 Nf6 28. Qf1 Rh8 29. Qg2 Rh7 30. Qxh3 Rxh3 31. Bd1 Rah8 32. Nf1 Nb7 33. Bf3 R3h7 34. Ree1 Ra8 35. Ne3 Nd7 36. Rec1 Rhh8 37. Kg2 Rhf8 38. g4 f6 39. Be2 Rh8 40. Rg1 Kf7 41. Rh1 Rxh1 42. Rxh1 Kg7 43. Ra1 Nb6 44. Nc2 Na5 45. Ne3 Rc8 46. Bd1 Rb8 47. Kg3 1/2-1/2

[Event "EU-ch U14 Girls 28th"]
[Site "Riga"]
[Date "2018.08.24"]
[Round "5.5"]
[White "Sovina, Maria"]
[Black "Stepanyan, Eva"]
[Result "0-1"]
[WhiteElo "1856"]
[BlackElo "2101"]
[PlyCount "78"]
[EventDate "2018.08.20"]
[EventType "swiss"]
[EventRounds "9"]
[EventCountry "LAT"]
[SourceTitle "CBM 186 Extra"]
[Source "ChessBase"]
[SourceDate "2018.08.24"]
[SourceVersion "1"]
[SourceVersionDate "2018.08.24"]
[SourceQuality "1"]

1. d4 Nf6 2. c4 e6 3. Nc3 Bb4 4. Qc2 0-0 5. a3 Bxc3+ 6. Qxc3 b6 7. Bg5 Bb7 8. e3 h6 9. Bh4 d5 10. cxd5 g5 11. Bg3 Nxd5 12. Qc2 Nd7 13. h4 c5 14. hxg5 Qxg5 15. Nf3 Nxe3 16. Qd3 Bxf3 17. Qxe3 Qxe3+ 18. fxe3 Bc6 19. Rc1 Kg7 20. Bd6 Rfe8 21. b4 e5 22. dxc5 bxc5 23. bxc5 Re6 24. Bd3 e4 25. Bc4 Rg6 26. Rc2 Re8 27. Rf1 f6 28. a4 Ne5 29. Bxe5 Rxe5 30. Bb5 f5 31. Rff2 a6 32. Be2 Bxa4 33. Rc4 Bb5 34. Rc3 Rc6 35. Bxb5 axb5 36. Rfc2 Kf6 37. Kd2 Rd5+ 38. Kc1 Ke5 39. g3 Kf6 0-1

[Event "EU-ch U14 Girls 28th"]
[Site "Riga"]
[Date "2018.08.21"]
[Round "2.2"]
[White "Stepanyan, Eva"]
[Black "Kokueva, Alisa"]
[Result "1-0"]
[WhiteElo "2101"]
[BlackElo "1833"]
[PlyCount "87"]
[EventDate "2018.08.20"]
[EventType "swiss"]
[EventRounds "9"]
[EventCountry "LAT"]
[SourceTitle "CBM 186 Extra"]
[Source "ChessBase"]
[SourceDate "2018.08.24"]
[SourceVersion "1"]
[SourceVersionDate "2018.08.24"]
[SourceQuality "1"]

1. e4 e5 2. Nf3 Nc6 3. Bb5 a6 4. Ba4 g6 5. c3 Bg7 6. d4 exd4 7. cxd4 b5 8. Bb3 Nge7 9. d5 Na5 10. Bd2 Nxb3 11. Qxb3 0-0 12. 0-0 d6 13. Bc3 Bd7 14. Bxg7 Kxg7 15. Nd4 f5 16. Nd2 Rc8 17. N2f3 c5 18. dxc6 Nxc6 19. exf5 Nxd4 20. Nxd4 Bxf5 21. Qd5 Qd7 22. Rad1 Rf6 23. Rfe1 Rc5 24. Qa8 d5 25. Nxf5+ Rxf5 26. Qxa6 Rc2 27. Qa3 Rf7 28. Rd2 Rxd2 29. Qc3+ d4 30. Qxd2 Qd5 31. Rd1 Rd7 32. Qd3 Qxa2 33. Qxb5 Qe6 34. Qd3 Qf6 35. h3 Qf4 36. b4 Qf6 37. b5 Qb6 38. Qc4 Rb7 39. Qb4 Qxb5 40. Qxd4+ Kf7 41. Qh8 Qh5 42. Rd3 Qh4 43. Rf3+ Ke7 44. Qg7+ 1-0